Fisiología vegetal

Uloženo v:
Podrobná bibliografie
Hlavní autoři: Sivori, Enrique M (Autor), Montaldi, Edgardo R (Autor), Caso, Osvaldo H (Autor)
Médium: Kniha
Jazyk:španělština
Vydáno: Buenos Aires Hemisferio Sur 1980
Témata:
Tagy: Přidat tag
Žádné tagy, Buďte první, kdo vytvoří štítek k tomuto záznamu!

MARC

LEADER 00000nam a2200000 a 4500
001 UCV7431
003 CL-VaPUC
008 920311e19800000AG |||||||||||||||||spa|d
082 0 4 |a 575  |b SIV  |2 21 
100 0 |a Sivori, Enrique M  |e author  |9 301551 
700 0 |a Montaldi, Edgardo R  |e author  |9 301552 
700 0 |a Caso, Osvaldo H  |e author  |9 301553 
245 1 0 |a Fisiología vegetal 
300 |a 681 p 
942 |c BK 
945 |d 19920311 00:00:00  |a mfernand 
260 |a Buenos Aires  |b Hemisferio Sur  |c 1980 
650 0 |a Fisiología vegetal  |9 260158 
583 |a last modification  |c 19920311 00:00:00  |k Rodrigo Vera 
999 |c 213112  |d 213110 
952 |0 0  |1 0  |4 0  |6 575_000000000000000_SIV_1980  |7 0  |8 A  |9 195143  |a BIBCUR  |b BIBCUR  |d 2019-11-14  |i 311709K  |o 575 SIV 1980  |p 311709K  |r 2025-04-22  |w 2019-11-14  |y BK  |k BCB 
952 |0 0  |1 0  |4 0  |6 575_000000000000000_SIV_1980  |7 0  |8 A  |9 195144  |a BIBCUR  |b BIBCUR  |d 2019-11-14  |i 3117103  |o 575 SIV 1980  |p 3117103  |r 2025-04-22  |w 2019-11-14  |y BK  |k BCB 
952 |0 0  |1 0  |4 0  |6 575_000000000000000_SIV_1980  |7 0  |8 A  |9 195145  |a BIBCUR  |b BIBCUR  |d 2019-11-14  |i 3117111  |o 575 SIV 1980  |p 3117111  |r 2025-04-22  |w 2019-11-14  |y BK  |k BCB